Normal view
MARC view
- Graduate Bulletin
Entry Personal Name
001 - CONTROL NUMBER
- control field: 134183
003 - CONTROL NUMBER IDENTIFIER
- control field: NUST
005 - DATE AND TIME OF LATEST TRANSACTION
- control field: 20260416155531.0
008 - FIXED-LENGTH DATA ELEMENTS
- fixed length control field: 260416|| aca||aabn | a|a d
040 ## - CATALOGING SOURCE
- Original cataloging agency: NUST
- Transcribing agency: NUST
100 ## - HEADING--PERSONAL NAME
- Personal name: Graduate Bulletin
670 ## - SOURCE DATA FOUND
- Source citation: Work cat.: (NUST): Graduate Bulletin., The University of Tulsa 1988-1990 /
